=LDR 00000nam 2200000 4500 =001 INLIS000000000056510 =005 20200908103441 =035 ##$$a 0010-0920000141 =007 ta =008 200908###########################0#eng## =020 ##$$a 962-593-627-0 =082 ##$$a 808.8 =084 ##$$a 808.8 Fug f =245 ##$$a Fugitive Dreams /$c Fugitive Dreams =300 ##$$a 321 halaman ; $c 21 Cm. =650 #4$$a Antalogi =264 ##$$a Singapore :$b Periplus editions,$c 1988 =336 ##$$a teks$2 rdacontent =337 ##$$a lain-lain$2 rdamedia =338 ##$$a lain-lain$2 rdacarrier =990 ##$$a 32653265